[Event "Albert m"]
[Site "Albert"]
[Date "1997.09.13"]
[Round "3"]
[White "Bacrot, Etienne"]
[Black "Kortschnoj, Viktor Lvovich"]
[Result "1-0"]
[WhiteElo "2545"]
[BlackElo "2610"]
[Annotator "Tsesarsky,I"]
[PlyCount "73"]
[EventDate "1997.09.10"]
[EventType "match"]
[EventRounds "6"]
[EventCountry "FRA"]
[SourceTitle "CBM 061"]
[Source "ChessBase"]
[SourceDate "1997.11.23"]
[SourceVersion "1"]
[SourceVersionDate "1997.11.23"]
[SourceQuality "1"]

1. d4 Nf6 2. c4 e6 3. Nf3 d5 4. Nc3 c5 5. cxd5 Nxd5 6. e4 Nxc3 7. bxc3 cxd4 8.
cxd4 Nc6 9. Bc4 b5 (9... Bb4+ $142) 10. Be2 Bb4+ (10... a6 11. O-O Be7 (11...
Bb7 12. a4 b4 13. d5 exd5 14. exd5 Na5 15. Bb5+ $5 (15. Re1 Be7 $8 16. Qd4 (16.
d6 Qxd6 17. Qxd6 Bxd6 18. Bxa6+ Kd7 19. Bb5+ Bc6 20. Bb2 f6 21. Nd4 Bxb5 22.
Nxb5 Nc4 $11) (16. Bg5 f6 17. d6 Qxd6 18. Qxd6 Bxd6 19. Bxa6+ Kf7 20. Bxb7 Nxb7
21. Bd2 $11) 16... O-O 17. Bb2 Bf6 18. Qxb4 Bxb2 19. Qxb2 Qxd5 20. Rad1 Qf5 21.
Ne5 Qf6 22. Bh5 Rae8 (22... g6 23. Qb4 Nc6 24. Qb6 Rae8 25. Nd7 Rxe1+ 26. Rxe1
Qc3 27. Rf1 Rd8 28. Qxb7 gxh5 29. Nb6 $14) 23. Re3 g6 24. Qc3 Nc6 25. Bf3 Nxe5
26. Bxb7 $14) 15... axb5 $8 16. Re1+ Kd7 $4 (16... Be7 $8 17. d6 Nc6 18. axb5
Rxa1 19. bxc6 Bxc6 (19... Rxc1 20. d7+ Kf8 21. Qxc1 $18) 20. Rxe7+ Kf8 21. Ne1
Rxc1 22. Qxc1 Qxd6 23. Ra7 Be8 24. Qc4 h5 $11) 17. Ne5+ $18 Kc7 18. Qc2+ (18.
Nxf7 Qf6 (18... Qxd5 19. Bf4+ Kb6 20. Be3+ $1 (20. Qxd5 Bxd5 21. Nxh8 Bc5 22.
Re5 Bc4 23. axb5 Bd4 24. Be3 Bxe3 25. fxe3 Rxh8 $17) 20... Bc5 $8 21. Bxc5+
Qxc5 (21... Kxc5 22. Re5 Rhe8 23. Qd3 Rxe5 24. Qxb5+ Kd4 25. Qxb4+ Nc4 (25...
Kd3 26. Nxe5+ Qxe5 27. Ra3+ $18) 26. Rd1+ Ke4 27. Nd6+ Kf4 (27... Qxd6 28.
Qxc4+ Kf5 29. g4+ Kg5 30. f4+ Kh4 31. Rxd6 Re1+ 32. Kf2 Rh1 33. Qf7 $18) 28.
Rxd5 Rxd5 29. g3+ Kg5 30. Qxb7 $18))) 18... Nc4 (18... Kb8 19. Bf4 Ka7 (19...
Bd6 20. Nxf7 Bxf4 21. Nxd8 Rxd8 22. axb5 Bxd5 23. Rad1 $18) 20. axb5 Rc8 21.
Qa4 Bxd5 22. b6+ Kb7 23. Qxa5 Ra8 24. Qb5 $18) 19. Nxc4 bxc4 20. Qxc4+ Kb8 21.
Re8 $3 Qxe8 22. Bf4+ Ka7 23. Qd4+ Ka6 24. Bc7 {1-0 Vaisman,V-Grabczewski,R/
Wroclaw 1974}) 12. Bb2 (12. a4 bxa4 13. Bf4 Nb4 14. Qxa4+ Bd7 15. Qb3 Bc6 16.
d5 $1 (16. Qb1 O-O 17. Rc1 $14) 16... exd5 17. Ne5 (17. Rfd1 O-O 18. Ne5 Bb7
19. Bf3 Bd6 20. exd5 Qf6 21. Bg3 Rfd8 22. Nc4 Bxg3 23. hxg3 Bxd5 24. Qxb4 Bxf3
25. gxf3 $18) 17... Bb7 (17... Bb5 18. Bxb5+ axb5 19. Bd2 f6 (19... Bd6 20. Nf3
$1 $18) (19... Rxa1 20. Rxa1 $18) 20. Bxb4 fxe5 21. Bxe7 Kxe7 22. Qxb5 $18) 18.
Qa4+ Kf8 19. Bh5 (19. Rfc1 $1 dxe4 20. Rc7 Qxc7 (20... Nd5 21. Rd7 Qe8 22. Qxe4
Nc3 23. Qxb7 Nxe2+ 24. Kf1 Nxf4 25. Rxe7 Qxe7 26. Qxa8+ Qe8 27. Rxa6 f6 28.
Qxe8+ Kxe8 29. Ra8+ Ke7 30. Nc6+ $18) (20... Bc8 21. Nc6 Nxc6 22. Qxc6 Be6 23.
Rxa6 Rxa6 24. Bxa6 Qd1+ 25. Bf1 $16) 21. Nd7+ Qxd7 22. Qxd7 $16) 19... g6 20.
Bh6+ $6 (20. Rfb1 a5 21. Bg4 $44) 20... Kg8 21. Rad1 $2 (21. Bf3 $15) 21... a5
$2 {1-0 Romm,M-Peretz,M/Netanya-A 1973/MCD-r7 (45)} (21... Qd6 $1 $19)) 12...
Bf6 (12... O-O 13. d5 (13. a4 b4 14. Qd2 (14. d5 exd5 15. exd5 Na5 16. Qd4 Bf6
17. Qxb4 Bxb2 18. Qxb2 Qxd5 19. Rad1 Qb3 20. Qe5 Nc6 21. Qe4 Qe6 22. Bd3 f5 23.
Qc4 Kh8 (23... Qxc4 24. Bxc4+ Kh8 25. Rd6 (25. Bd5 Bd7 26. Ne5 $1 (26. Ng5 h6
27. Ne6 Bxe6 28. Bxe6 $14) 26... Nxe5 27. Bxa8 Rxa8 28. Rd5 Re8 29. f4 $16)
25... Na5 26. Bd3 $14) 24. Rfe1 $14) 14... Bb7 15. d5 exd5 16. exd5 Na5 17.
Rad1 Bd6 18. Qd4 f6 19. Bd3 g6 20. Rfe1 (20. Qg4 Qc8 21. Qh4 $14) 20... Nb3 (
20... Qd7 $14) 21. Qh4 $14 {Brenninkmeijer,J-Costa,J/Lugano op 1989/TD 89\01/1/
2-1/2 (67)} (21. Qg4 Qc7 22. Re6 $1 $16)) 13... Na5 14. Qd2 exd5 15. exd5 Re8
16. Rfe1 Bg4 17. Bc3 Bxf3 18. Bxf3 (18. Bxa5 Bg5 19. Qb4 (19. Qc3 Bf6 $1 $11)
19... Be7 $1 $11) 18... Nc4 19. Qd3 (19. Qf4 $14) 19... Bd6 20. Rxe8+ Qxe8 21.
Re1 $14 {1/2-1/2 Mecking,H-Campora,D/Sao Paulo zt 1993/CBM 36 (28)}) 13. Qd2
O-O 14. Rfd1 Bb7 15. d5 (15. a4 Na5 (15... b4 16. d5 exd5 17. exd5 Bxb2 18.
Qxb2 Ne7 19. Qxb4 Bxd5 20. Rab1 $14) 16. Qe3 b4 17. Ne5 Rc8 18. Rd2 Bg5 (18...
Bxe5 19. dxe5 Qh4 20. Rd4 $132) 19. f4 Be7 $132 {1-0 Dlugy-Costa/Brocco op/SW,
39,15 1987 (37)}) 15... Bxb2 16. Qxb2 exd5 17. a4 (17. exd5 Ne7 18. d6 Nd5 $1
$15) 17... Qb6 18. exd5 Ne7 19. Ne5 $2 {1/2-1/2 Bagirov,V-Shamkovich,L/
URS-ch40 Baku 1972/URS-ch} (19. d6 Nd5 20. axb5 Rfd8 (20... axb5 21. Rxa8 Rxa8
22. Qe5 $16) 21. Bc4 Rxd6 22. Qb3 $16) 19... Bxd5 20. axb5 axb5 21. Qxb5 Qe6
22. Rxa8 Rxa8 23. Ng4 $11) 11. Bd2 Bxd2+ (11... Qa5 12. Rb1 Bxd2+ 13. Qxd2
Qxd2+ 14. Kxd2 $16) 12. Qxd2 Rb8 13. d5 $1 $16 (13. Rc1 Ne7 14. O-O O-O 15. Rc5
Bb7 16. Qe3 a6 17. Rfc1 $14) 13... exd5 14. exd5 Ne7 (14... Na5 15. Qe3+ Qe7
16. Qc3 $18) 15. d6 Nf5 16. Rd1 (16. Bxb5+ $2 Kf8 $1 $11) 16... O-O (16... Bd7
17. g4 Nh6 (17... Nh4 18. Qe3+ Kf8 (18... Be6 19. d7+ Kf8 (19... Qxd7 20. Nxh4
$18) 20. Qc5+ Kg8 21. Qxa7 $18) 19. Qe7+ $18) 18. Qe3+ Kf8 19. h3 $16) 17. d7
$1 Bb7 (17... Ba6 18. O-O $16) 18. O-O Qf6 19. Qf4 a6 (19... Rfd8 20. g4 Nh6
21. Qxf6 gxf6 22. Nd4 $1 Kf8 (22... Rxd7 $2 23. Nf5 $1 Rxd1 (23... Nxf5 24.
Rxd7 $18) 24. Nxh6+ Kg7 25. Nf5+ $18) 23. Bxb5 Nxg4 24. Rc1 Ne5 25. Rc7 Ke7 26.
f4 Rg8+ 27. Kf2 Ng4+ 28. Ke2 Kd6 29. Rfc1 Nxh2 30. Nf5+ Ke6 31. Bd3 {[%csl Re6]
[%cal Gd7d8]} Rgd8 32. R1c5 Bd5 33. Nd4+ Kd6 34. Nb5+ Rxb5 35. Bxb5 $18) 20. g4
$1 Bxf3 (20... Nh6 21. Qxf6 gxf6 22. Rd4 $16 (22. h3 $16)) 21. Bxf3 Nh4 22.
Qxf6 gxf6 23. Be4 Rfd8 (23... Ng6 24. Rd6 $16) 24. Rd6 a5 25. f4 Ng6 (25... Kf8
26. f5 Ke7 27. Rfd1 b4 28. Kf2 b3 29. axb3 Rxb3 30. R6d3 Rxd3 31. Rxd3 Rxd7 32.
Rxd7+ Kxd7 33. Kg3 Ng6 34. fxg6 fxg6 35. Bc2 Ke6 36. Kf4 $18) 26. h4 $18 Kg7 (
26... Nxh4 27. f5 b4 28. Kf2 b3 29. axb3 Rxb3 30. Rh1 $18) 27. h5 Nf8 28. h6+
$1 (28. Rfd1 b4 29. Bc2 Rb7 30. Ba4 Ne6 31. Rc1 Rc7 32. Rxc7 Nxc7 33. f5 Kf8
34. Rxf6 Nd5 35. Ra6 Nc3 36. Bc6 Nxa2 37. f6 $18) 28... Kxh6 29. g5+ Kg7 30.
gxf6+ Kg8 31. Bc6 $1 Ne6 (31... Rb6 32. Kf2 b4 33. Rg1+ Kh8 34. Rg7 Rxd7 35.
Rxd7 Nxd7 36. Bxd7 Rxf6 37. Rg4 Rd6 38. Be8 $1 Rd2+ 39. Ke3 Rxa2 40. Bxf7 Ra3+
41. Ke4 h6 42. f5 $18) 32. f5 Nc7 33. Rd3 (33. Kf2 Rb6 34. Rc1 h6 35. Rd4 Kh7
36. Bf3 Na6 37. Rc8 Rb8 38. Bb7 $1 $18) 33... Rb6 34. Rc1 Na6 35. Re3 Rf8 36.
Re8 Rb8 37. Bxb5 1-0

[Event "Beersheba 16th"]
[Site "Beersheba"]
[Date "1997.03.04"]
[Round "8"]
[White "Kortschnoj, Viktor Lvovich"]
[Black "Avrukh, Boris"]
[Result "1/2-1/2"]
[WhiteElo "2635"]
[BlackElo "2520"]
[Annotator "Avrukh,B"]
[PlyCount "102"]
[EventDate "1997.02.24"]
[EventType "tourn"]
[EventRounds "11"]
[EventCountry "ISR"]
[EventCategory "12"]
[SourceTitle "CBM 058"]
[Source "ChessBase"]
[SourceDate "1997.06.01"]
[SourceVersion "1"]
[SourceVersionDate "1997.06.01"]
[SourceQuality "1"]

1. Nf3 g6 2. c4 Bg7 3. Nc3 e5 4. d4 d6 5. e4 Nc6 6. Bg5 f6 7. Be3 Nh6 8. dxe5
fxe5 $146 (8... dxe5 9. Qxd8+ Kxd8 (9... Nxd8 10. Nd5) 10. O-O-O+ (10. h3 {N}
Be6 (10... f5 11. Bg5+) 11. O-O-O+ Kc8 (11... Ke8 12. Nd5 $16) 12. g4 Nf7 (
12... f5 13. gxf5 gxf5 14. Rg1 $14) (12... Rd8 13. Nd5 $14) 13. Rg1 b6 (13...
Bh6 14. Nd5) 14. c5 $1 Kb7 15. Nd5 Rad8 (15... Ncd8 $2 16. Ba6+ $1 Kxa6 17.
Nxc7+ Kb7 18. Nxe6 $18) (15... Rac8 16. b4 {E} Bxd5 $2 17. exd5 Nxb4 18. c6+
Kb8 19. a3 Na2+ 20. Kb2 $18) 16. Ba6+ Kb8 17. a3 Bc8 18. Bxc8 (18. Bc4 $14)
18... Kxc8 19. b4 b5 20. a4 $1 a6 (20... bxa4 21. b5 Na5 22. Nd2) 21. axb5 axb5
22. Kb2 Kb7 23. Kb3 Nb8 $2 (23... Rhe8 {Ç}) 24. Ra1 Nc6 (24... c6 25. Nb6 Rd3+
26. Kc2 Rhd8 27. Ne1 $18) 25. Nc3 Na7 (25... Rd3 26. Rgd1 Rhd8 27. Rxd3 Rxd3
28. Ne1) 26. Ra5 c6 27. Rga1 Nc8 (27... Ra8 28. Ra6 $18) 28. Nxb5 $1 $18 cxb5
29. Rxb5+ Kc7 30. Ra6 (30. Rba5 $18) 30... Rd1 31. Rba5 Nd8 32. Kc2 Rh1 33. b5
Rxh3 34. Nd2 $16 {1-0 Polgar,Z-Azmaiparashvili,Z/Dortmund 1990 (41)}) 10... Bd7
11. h3 Nf7 12. c5 Kc8 13. Bb5 (13. Bc4 Ncd8 14. Rd3 Be6 15. Nd2 Re8 16. h4 h5
17. Rd1 c6 18. Bxe6+ Nxe6 19. Nc4 Bf8 20. b4 $16 {Illescas,M-Todorcevic,M/
Pamplona 1990/<<-<< (61)}) 13... Be6 14. Kb1 Ne7 15. Nd2 f5 16. exf5 gxf5 17.
Bc4 Nd8 18. Bg5 Nec6 19. Nd5 Bxd5 20. Bxd5 Nd4 21. Nb3 N8e6 $13 {Cramling,
P-Foisor,C/Tilburg ctW 1994/<<-<< (68)}) 9. h3 {[%csl Gh6]} (9. Bg5 Qd7 10. Nd5
O-O 11. Be2 $5 (11. Qd2 Nf7 12. Nf6+ Bxf6 13. Bxf6 Qg4)) (9. c5 Ng4 10. Bg5 Bf6
11. Bxf6 Nxf6 12. cxd6 cxd6 13. Bc4 Bg4 14. h3 Bxf3 15. Qxf3 Nd4 16. Qd3 $14)
9... Nf7 10. Qd2 (10. c5 $1 Be6 (10... O-O 11. Bc4 Kh8 12. O-O) 11. Bb5 O-O 12.
O-O Ne7 (12... a6 13. Ba4 Bc4 14. Re1 Nb4 15. Bb3 $1 $16) (12... h6 $5) 13.
cxd6 Nxd6 14. Ng5 $16) 10... Be6 11. Be2 Qd7 (11... O-O) 12. Nd5 (12. O-O $142
O-O 13. c5 Rad8 14. Rfd1 $14) 12... O-O 13. b4 (13. O-O h6 {with idea 14...g5,
15...Nh8-g6-f4}) 13... h6 $1 14. Rd1 g5 {[%cal Gf7h8,Gh8g6,Gg6f4]} 15. b5 Ne7 (
15... Ncd8 $2 16. c5 $1 $16) 16. h4 (16. c5 Bxd5 17. exd5 dxc5 18. Bxc5 Nd6 (
18... Rfd8 19. O-O Nxd5 20. Bc4 $36) 19. Qc2 e4 $36) 16... g4 17. Nh2 Ng6 $1 (
17... h5 18. Nf1 $16 {[%csl Rh5][%cal Gf1g3]}) 18. h5 (18. g3 $2 h5 $1) 18...
Nf4 $1 (18... Nh4 $2 19. Rg1 c6 20. b6 $1 cxd5 21. cxd5 axb6 22. dxe6 Qxe6 23.
Bxg4 $16) 19. Bxf4 (19. Nxf4 exf4 20. Bxf4 Ne5 (20... a6 $5) 21. Bxe5 (21. Bxh6
Qf7 22. Be3 (22. O-O Qxh5 23. Bxg7 Kxg7) 22... Qxh5 $5) (21. O-O Nxc4 22. Qc1
Bb2 (22... Nb2 23. Rde1 Kh7 24. e5 dxe5 25. Bxh6 Bxh6 26. Qxb2 $16) (22... Kh7
23. Bxc4 Bxc4 24. Bxd6 Qf7 25. Bxf8 Rxf8 26. Nxg4 Bxf1 27. Rxf1 Qxh5 28. Ne3
$16) 23. Qc2 Rxf4 24. Bxc4 Ba3 $1 (24... Bxc4 25. Qxc4+ Qf7 26. Qc2 Bg7 27. g3
Rf6 28. Nxg4 Rf3 $44) 25. Bxe6+ Qxe6 26. Qxc7 Bc5 $40) 21... Bxe5 22. Qxh6 Bc3+
(22... Qf7 $2 23. O-O $16) 23. Kf1 Qf7 24. Qg6+ Qxg6 25. hxg6 Rf4 $17 {[%csl
Gf1]}) 19... exf4 20. Nxf4 Ng5 (20... Ne5 21. O-O (21. Nxe6 Qxe6 22. Qd5 Qxd5
23. cxd5 Rf4 24. f3 $44) (21. Ng6 g3 $6 (21... Nxc4 22. Nxf8 Rxf8 23. Qb4 (23.
Bxc4 Bxc4 24. Rc1 Bxb5 25. Qd5+ Rf7 $17) 23... Ne5 $5 $44) 22. Nxf8 gxf2+ 23.
Kxf2 Rxf8+ 24. Nf3 $14) 21... Nxc4 22. Qc1 Bb2 $140 $2 23. Bxc4 $18) (20... a6
$5 21. bxa6 Rxa6 22. Nxe6 Qxe6 23. Nxg4 Rfa8 $1 $36) 21. Qe3 (21. Nxe6 Qxe6 22.
Nxg4 Nxe4 23. Qe3 Rae8 (23... a6 $2 24. Bf3 Rfe8 25. O-O axb5 26. Rfe1 $18) 24.
O-O Nc3 25. Qxe6+ Rxe6 26. Bf3 Rxf3 (26... Rf4 27. Ne3 Nxd1 28. Bd5 (28. Rxd1
Re5 $1) 28... Nxe3 29. Bxe6+ Kf8 30. fxe3 Rxf1+ 31. Kxf1 a5 $1) 27. gxf3 Nxd1
28. Rxd1 Re2 $44) 21... Rxf4 (21... a6 $6 22. O-O axb5 23. Nxe6 Qxe6 24. cxb5
$16) (21... Rae8 22. Ng6 (22. O-O $2 Bf5 23. Ng6 Bxg6 24. hxg6 Rxe4 25. Qd2 Qe6
26. Bd3 Ref4 $17) 22... Rf7 23. f3 $14 (23. f4 Bxc4 $5 24. fxg5 Bxe2 (24...
Qxb5) 25. Kxe2 (25. Qxe2 Bc3+ 26. Rd2 Qe6 $40) 25... Qxb5+ 26. Rd3 Qa4 $1 $17)
(23. e5 Bf5 $40 (23... Qc8 24. O-O))) 22. Qxf4 Bc3+ 23. Kf1 (23. Rd2 $2 Rf8 24.
Qe3 Bxd2+ 25. Qxd2 (25. Kxd2 Rxf2 $19) 25... Rxf2 $17) 23... Rf8 24. Qe3 Bb4 (
24... Ba5 $5 25. c5 Bb4 26. cxd6 cxd6 27. e5 (27. Nxg4 Bxg4 28. Qb3+ Kh7 29.
Qxb4 Bxe2+ 30. Kxe2 Qg4+ 31. Kd3 Rxf2 32. Rhe1 Qxg2 $17) 27... Qc8 $1 (27...
Bc5 28. Qxc5 dxc5 29. Rxd7 Bxd7 30. Nxg4 $16) 28. Nxg4 (28. Qd3 Qc5 29. Qg6+
Kh8 30. Qxh6+ Nh7 31. Nxg4 Bxg4 32. f3 Qxe5 $15) 28... Bxg4 29. Qb3+ d5 30.
Qxb4 Bxe2+ 31. Kxe2 Ne4 $13 32. f3 (32. Qb3 Qc5 $1) 32... Qc2+ 33. Ke3 (33. Rd2
Ng3+ 34. Kf2 (34. Ke3 d4+ $1 35. Qxd4 Nf5+ 36. Kf2 Nxd4 37. Rxc2 Nxc2 $17)
34... Nxh1+ 35. Kg1 Qc1+ 36. Kh2 Qe1 $13) 33... Qf2+ 34. Kd3 Rc8 $1 35. Rc1
Rc3+ 36. Qxc3 Nxc3 37. Kxc3 Qxa2 $1 $13) 25. a3 $1 {Fantastic move , which i
overlooked during the game.[Avrukh,B]} (25. e5 Qf7 $1 (25... b6 26. Qd3 Bc5 27.
Qg6+ Kh8 28. Qxh6+ Nh7 29. f4 $18 (29. f3 g3 30. Bd3 dxe5 $40) 29... Qf7 30. g3
Bxc4 31. Qg6 $16) 26. Nxg4 (26. exd6 cxd6 27. Nxg4 Bxg4 28. Bxg4 Bc5 29. Qe2
Qxf2+ 30. Qxf2 Rxf2+ 31. Ke1 Rxg2 $17) 26... Bxg4 27. Bxg4 Bc5 28. Qe2 Qxf2+
29. Qxf2 Rxf2+ 30. Ke1 Rxg2 $1 $17) 25... Bc5 (25... Ba5 $2 26. c5 $18) 26.
Qxc5 dxc5 (26... Nxe4 27. Qe3 Nxf2 28. Kg1 $18) 27. Rxd7 Bxd7 28. Bxg4 (28.
Nxg4 Bxg4 (28... Nxe4 29. Rh4 (29. Bf3 $16 Nd2+ 30. Ke2 Nxc4) 29... Ng3+ (29...
Kg7 30. Ne5 Bf5 31. Rf4 $16) 30. Ke1 Nxe2 (30... Nf5 31. Rh3 Nd4 32. Rg3 $16)
31. Kxe2 Re8+ 32. Kd2 Kg7 33. f4 $16 (33. Ne3 $5)) 29. Bxg4 Nxe4 30. Bf3 Nd2+
31. Ke2 Nxf3 32. gxf3 Re8+ 33. Kd3 Kf7 $14) 28... Nxe4 (28... Bxg4 $2 29. Nxg4
Nxe4 30. Rh4 Kg7 31. Ke1 Re8 32. Ne3 $16) 29. Kg1 $138 (29. Bxd7 Ng3+ 30. Kg1
Ne2+ 31. Kf1 Ng3+ 32. Ke1 (32. Kg1 $16) 32... Nxh1 33. Ng4 Kg7 (33... Rf4 34.
Nxh6+ Kf8 35. Ng4 Ke7 36. h6 Nxf2 37. h7 Rf8) 34. g3 Rf3 35. Bc8 b6 36. Bb7
Rxa3 37. Kf1 Nxg3+ 38. fxg3 Rxg3 $13) 29... Be8 30. Bf3 Nd2 $2 $138 (30... Nd6
$1 31. Ng4 Kg7 32. Ne3 Rf4 (32... Bf7 33. Rh4 $1) 33. Bd5 c6 34. bxc6 bxc6 35.
g3 cxd5 36. gxf4 d4 $44) 31. Bxb7 Rf4 32. g3 Rd4 33. Nf3 Nxf3+ 34. Bxf3 Bf7 35.
Kg2 Rxc4 36. Rd1 (36. Re1 Ra4 (36... Kf8 $2) 37. Re7 Rxa3 38. Rxc7 c4) 36...
Rd4 37. g4 Bb3 38. Rc1 c4 39. Kg3 Kg7 40. Be2 Kf6 41. f4 Rd5 42. Rc3 Ba2 $2 (
42... Rc5) 43. a4 (43. Rc2 Bb3 44. Bxc4 {winning immediatly.[Avrukh,B]}) 43...
Rc5 44. Kf3 {A wrong plan , which gives to black chances to save the game.
[Avrukh,B]} (44. Kh4 {was the right way.} Bb3 45. Bf1 $1 {[%cal Gf1h3,Gg4g5]} (
45. g5+ hxg5+ 46. fxg5+ Rxg5 47. Bxc4 Bxa4 (47... Bd1 48. Be2 $1 $18 {[%csl
Gg5][%cal Gc3c6]}) 48. Ra3 Bc2 49. Rxa7 Rc5 50. Be2 $14) 45... Bxa4 (45... c6
46. g5+ $1 (46. bxc6 Rxc6 47. g5+ Kf5 48. g6 Rc7 49. Kg3 a5) 46... hxg5+ 47.
fxg5+ Rxg5 48. Rf3+ Rf5 49. Rxf5+ Kxf5 50. bxc6 Ke6 51. h6 $18) 46. Rxc4 $18)
44... Bb3 45. Ke3 Bxa4 46. Kd4 (46. Bxc4 Bxb5 47. Kd4 Rxc4+ 48. Rxc4 Bxc4 49.
Kxc4 c6 50. Kb4 a6 51. Kc4 a5 52. Kc5 Kf7 53. g5 hxg5 (53... Kg7 $2 54. g6 Kf6
55. f5 Kg7 56. Kd6 $18) 54. fxg5 Kg7) 46... Rxb5 47. Rxc4 c5+ $1 48. Rxc5 Rxc5
49. Kxc5 Bd7 50. Kb4 Be8 {[%csl Gh5][%cal Ge8h5,Gf6f5]} 51. Bd3 (51. Ka5 Bxh5
52. gxh5 Kf5 53. Ka6 Kxf4 $11 {with theoretical draw.[Avrukh,B]}) 51... Bd7
1/2-1/2